|
|
|
|
| LEADER |
03589nam a2200409Ia 4500 |
| 001 |
ovld001900419 |
| 003 |
UtOrBLW |
| 005 |
20161102094121.0 |
| 006 |
m o d |
| 007 |
cr un||||||||| |
| 008 |
161102s2016 enk eob 000 0 eng d |
| 020 |
|
|
|a 9781786352378 (electronic bk.)
|
| 040 |
|
|
|a UtOrBLW
|d GrThAP
|
| 050 |
|
4 |
|a HC79.T4
|b T43 2016
|
| 072 |
|
7 |
|a KJH
|2 bicssc
|
| 072 |
|
7 |
|a BUS025000
|2 bisacsh
|
| 080 |
|
|
|a 338.3
|
| 082 |
0 |
4 |
|a 338.064
|2 23
|
| 245 |
0 |
0 |
|a Technological innovation
|h [electronic resource] :
|b generating economic results /
|c edited by Marie C. Thursby.
|
| 250 |
|
|
|a 2nd ed.
|
| 260 |
|
|
|a Bingley, U.K. :
|b Emerald,
|c 2016.
|
| 300 |
|
|
|a 1 online resource (xviii, 413 p.)
|
| 490 |
1 |
|
|a Advances in the study of entrepreneurship, innovation and economic growth,
|x 1048-4736 ;
|v v. 26
|
| 504 |
|
|
|a Includes bibliographical references.
|
| 505 |
0 |
|
|a Appropriability strategies to capture value from innovation / Marco Ceccagnoli, Frank Rothaermel -- Identifying and evaluating market opportunities / Marie Thursby, Margi Berbari -- The benefits and liabilities of multidisciplinary commercialization teams: how professional composition and social networks influence team processes / Leslie Vincent, Jill Perry-Smith -- Introduction to legal means for protecting intellectual property / Anne Rector, Marco Ceccagnoli, Bunny Sandefur, Meadow Clamendin, Louise Hallenborg -- The America invents act: a new patent system for the 21st century / Timothy Holbrook -- Intellectual property and technology startups: what entrepreneurs tell us / Stuart Graham, Ted Sichelman -- FDA regulatory approval process for medical products / William Kitchens -- Competitive advantage in technology intensive industries / Frank Rothaermel -- Marketing strategies for commercialization of new technologies / Leslie Vincent -- Commercialization strategies: cooperation versus competition / Briana Sell Stenard, Marie Thursby -- Valuing early stage companies / Michael Blake -- Term sheets: valuing investments in emerging technology companies / Michael Blake -- Licensing inventions from entrepreneurial universities: the context of Bayh-Dole / Marie Thursby, Anne Rector.
|
| 520 |
|
|
|a We are pleased to present this 2nd edition of Technological Innovation, originally published in 2008. Profiting from technological innovation is a key strategic challenge in technology-intensive industries because it requires not only scientific and engineering expertise, but also an understanding of how business and legal factors facilitate commercialization. This volume presents a multidisciplinary view of issues in technology commercialization and entrepreneurship. Chapters cover commercializing inventions in the context of the legal system and the complementary assets needed; the benefits and liabilities associated with multidisciplinary commercialization teams, including a basic guide to patents and designs; elements of strategy, including industry analysis and strategy, marketing strategy, and alliances; and finally, the financial issues in commercialization.
|
| 650 |
|
7 |
|a Business & Economics
|x Entrepreneurship.
|2 bisacsh
|
| 650 |
|
7 |
|a Entrepreneurship.
|2 bicssc
|
| 650 |
|
0 |
|a Technological innovations.
|
| 650 |
|
0 |
|a New products.
|
| 650 |
|
0 |
|a Intellectual property.
|
| 650 |
|
0 |
|a Strategic planning.
|
| 700 |
1 |
|
|a Thursby, Marie.
|
| 776 |
1 |
|
|z 9781786352385
|
| 830 |
|
0 |
|a Advances in the study of entrepreneurship, innovation, and economic growth ;
|v v. 26.
|
| 856 |
4 |
0 |
|u http://www.emeraldinsight.com/1048-4736/26
|z Full Text via HEAL-Link
|
| 913 |
|
|
|1 Sept2016
|